| 000 | 00647nam a2200229 i 4500 | ||
|---|---|---|---|
| 001 | bg | ||
| 100 | 1 | _aSZPUNAR, Adam | |
| 245 | 1 | 0 |
_aKomentarz do prawa wekslowego i prawa czekowego / _cAdam Szpunar. |
| 250 | _aStan prawny na dzień 15 października 1994 r. | ||
| 260 |
_aWarszawa : _bWydaw. Prawnicze, _c1994. |
||
| 300 |
_a297, [7] s. ; _c21 cm. |
||
| 504 | _aIndeksy. | ||
| 650 | 9 |
_aCzek _xprawo _zPolska |
|
| 650 | 9 |
_aWeksle _xprawo _zPolska |
|
| 020 | _a8321906834 | ||
| 040 | _cBPK | ||
| 041 | 0 | _apol | |
| 080 | _a342.951:351.72:336.77](438) | ||
| 920 | _a83-219-0683-4 | ||
| 942 | _cKS | ||
| 008 | s pl f |000 0 pol | ||
| 999 |
_c30930 _d30930 |
||
| 856 |
_uhttp://koha.tu.koszalin.pl/cgi-bin/koha/opac-detail.pl?biblionumber=30930 _yKatalog online BPK |
||